000 00825nam a2200277Ia 4500
001 Z_3047
003 CHAP
008 220113s2000 xx 000 0 und d
010 _a166132
040 _cCHAP
090 _aTesis T 1454
100 _aTrenado Cervantes, Victor
_9114816
245 _aSituación y análisis de los sistemas de producción ovina en México /
_cpor Victor Trenado Cervantes
260 _aChapingo, Méx. :
_bEl autor,
_c2000
300 _a151 h.
502 _aTesis (Ing. Agr. Esp. en Zootecnia) -- UACH. Departamento de Zootecnia
650 _aGanado lanar
_xMéxico
_945198
650 _aGanado lanar
_xProducción
_945214
650 _aSistemas de producción animal
_9106771
901 _aTESIS T 1454
902 _aM
910 _a2000
942 _c2
942 _c2
999 _c166132
_d166132